| 000 | 00663nam a22001697a 4500 | ||
|---|---|---|---|
| 999 |
_c12534 _d12534 |
||
| 008 | 190130b ||||| |||| 00| 0 eng d | ||
| 082 |
_22018 _aUT 1145 _bA47 |
||
| 100 |
_aAlvario, Joana Grace _935358 |
||
| 245 |
_aStudents' perception on Teachers' spirituality and classroom behavior / _cJoana Grace Alvario, Harold Jeecyl B. Catapan, and Edilbert Zafra |
||
| 260 |
_aDigos City: _bUMDC _cNovember 2018. |
||
| 300 |
_a77 pages; _c30 cm. |
||
| 650 |
_aEducation _vBiological Science _xUndergraduate thesis. _935359 |
||
| 700 |
_aAlvario, Joana Grace _935358 |
||
| 700 |
_aCatapan, Harold Jeecyl B. _935360 |
||
| 700 |
_aZafra , Edilbert _935361 |
||
| 942 |
_2ddc _cUT |
||